[Event "Calvia Amateur op 20th"]
[Site "Calvia"]
[Date "2023.10.14"]
[Round "8"]
[White "Laux, Dominik"]
[Black "Ulasevich, Sergei"]
[Result "1-0"]
[WhiteElo "2281"]
[BlackElo "2246"]
[PlyCount "97"]
[EventDate "2023.10.07"]
[EventType "swiss"]
[EventRounds "9"]
[EventCountry "ESP"]
[SourceTitle "Mega2024 Update 01"]
[Source "Chessbase"]
[SourceDate "2023.11.12"]
[SourceVersion "1"]
[SourceVersionDate "2023.11.12"]
[SourceQuality "1"]

1. d4 Nf6 2. Nc3 d5 3. Bf4 g6 4. e3 Bg7 5. Nb5 Na6 6. h3 0-0 7. Nf3 Ne4 8. Be2 c6 9. Nc3 Qa5 10. 0-0 Nxc3 11. bxc3 Qxc3 12. Rb1 b5 13. Ne5 Nb8 14. Nd3 Qa5 15. a4 a6 16. axb5 cxb5 17. Bf3 Qd8 18. e4 Nc6 19. c3 Na5 20. exd5 Bb7 21. Nb4 Nc4 22. Re1 Re8 23. Ra1 Qd7 24. Bg4 Qd8 25. Bf3 h5 26. d6 Bxf3 27. Qxf3 exd6 28. Rxe8+ Qxe8 29. Qb7 Kh7 30. Nxa6 Bh6 31. Bxh6 Kxh6 32. Kh2 Rd8 33. Nb4 Rb8 34. Qf3 Kg7 35. Ra7 Qe6 36. Ra2 Re8 37. Nd5 Nb6 38. Nc7 Qxa2 39. Nxe8+ Kg8 40. Qf6 Kf8 41. Nxd6 Qa7 42. Qh8+ Ke7 43. Qe5+ Kf8 44. Nxb5 Qb7 45. c4 Kg8 46. Nd6 Qc6 47. Qe7 Qd7 48. Qxd7 Nxd7 49. c5 1-0

[Event "GER-chT Lands U20"]
[Site "Hannover"]
[Date "2023.10.01"]
[Round "1"]
[White "Laux, Dominik"]
[Black "Haubold, Sebastian Marcel"]
[Result "1-0"]
[WhiteElo "2281"]
[BlackElo "2108"]
[PlyCount "103"]
[EventDate "2023.10.01"]
[EventType "team-swiss"]
[EventRounds "7"]
[EventCountry "GER"]
[SourceTitle "EXT 2024"]
[Source "ChessBase"]
[SourceDate "2023.10.10"]
[SourceVersion "1"]
[SourceVersionDate "2023.10.10"]
[SourceQuality "1"]

1. d4 Nf6 2. Bf4 g6 3. Nc3 d5 4. e3 Bg7 5. Nb5 Na6 6. h3 c6 7. Nc3 Qb6 8. Rb1 0-0 9. Nf3 Ne4 10. Be2 Qa5 11. 0-0 Nxc3 12. bxc3 Qxc3 13. Qc1 Qa5 14. c4 Qxa2 15. Re1 Qa5 16. cxd5 cxd5 17. Ra1 Qb6 18. Qa3 Qd8 19. Rec1 Nb8 20. Bc7 Qe8 21. Qb3 Nc6 22. Qxd5 Qd7 23. Qxd7 Bxd7 24. Rcb1 b6 25. Bb5 Rfc8 26. Bf4 a5 27. Ba4 Ra6 28. Rc1 e6 29. Rc4 Na7 30. Rxc8+ Bxc8 31. Rc1 Bb7 32. Rc7 Bxf3 33. gxf3 h6 34. Be8 b5 35. Bxf7+ Kf8 36. Bxe6 Rxe6 37. Rxa7 a4 38. Kf1 g5 39. Bg3 Rb6 40. Ke2 Kg8 41. Kd3 Bf8 42. d5 Ba3 43. Be5 Bf8 44. e4 a3 45. Kc2 b4 46. Kb3 Rb5 47. Bg3 Rc5 48. d6 Rc6 49. e5 Rb6 50. e6 Bxd6 51. Bxd6 Rxd6 52. Ra8+ 1-0

[Event "GER-ch U18"]
[Site "Willingen"]
[Date "2023.05.31"]
[Round "6"]
[White "Laux, Dominik"]
[Black "Pubantz, Jan"]
[Result "1/2-1/2"]
[WhiteElo "2297"]
[BlackElo "2331"]
[PlyCount "89"]
[EventDate "2023.05.28"]
[EventType "swiss"]
[EventRounds "9"]
[EventCountry "GER"]
[SourceTitle "CBM 214 Extra"]
[Source "ChessBase"]
[SourceDate "2023.07.31"]
[SourceVersion "1"]
[SourceVersionDate "2023.07.31"]
[SourceQuality "1"]

1. e4 c6 2. d4 d5 3. e5 Bf5 4. Nf3 e6 5. Be2 c5 6. 0-0 Nc6 7. c3 cxd4 8. cxd4 Nge7 9. h3 Bg6 10. Nc3 Nf5 11. a3 Be7 12. g4 Nh4 13. Nxh4 Bxh4 14. f4 f6 15. Be3 0-0 16. Nb5 Qb6 17. f5 fxe5 18. fxg6 a6 19. gxh7+ Kh8 20. Nd6 Qc7 21. dxe5 Nxe5 22. Bf4 Rxf4 23. Rxf4 Qxd6 24. Kh1 Nd3 25. Qxd3 Qxf4 26. Rf1 Qe5 27. a4 Rc8 28. Qf3 Bf6 29. Bd3 Qg5 30. Kg2 Rd8 31. Qe2 Re8 32. Rf5 Qc1 33. Rf1 Qxb2 34. Qxb2 Bxb2 35. Rb1 Bc3 36. Rxb7 e5 37. Bxa6 e4 38. Bb5 Re5 39. Rb8+ Kxh7 40. Re8 Rxe8 41. Bxe8 d4 42. Bc6 e3 43. Bb5 Kg6 44. Kf3 Kg5 45. Bc4 1/2-1/2

[Event "GER-ch U18"]
[Site "Willingen"]
[Date "2023.05.30"]
[Round "4"]
[White "Farokhi, Keyvan"]
[Black "Laux, Dominik"]
[Result "1/2-1/2"]
[WhiteElo "2266"]
[BlackElo "2297"]
[PlyCount "98"]
[EventDate "2023.05.28"]
[EventType "swiss"]
[EventRounds "9"]
[EventCountry "GER"]
[SourceTitle "CBM 214 Extra"]
[Source "ChessBase"]
[SourceDate "2023.07.31"]
[SourceVersion "1"]
[SourceVersionDate "2023.07.31"]
[SourceQuality "1"]

1. e4 c5 2. Nf3 d6 3. Bb5+ Nd7 4. d4 cxd4 5. Nxd4 Ngf6 6. 0-0 e5 7. Nf5 a6 8. Bd3 Nc5 9. Nc3 d5 10. Bg5 dxe4 11. Bxe4 Ncxe4 12. Nxg7+ Bxg7 13. Qxd8+ Kxd8 14. Nxe4 Ke7 15. f4 Ke6 16. f5+ Ke7 17. Rad1 a5 18. Rd5 Ra6 19. Re1 Kf8 20. Rxe5 Nxe4 21. R5xe4 Bxb2 22. Re8+ Kg7 23. Rxh8 Kxh8 24. Re8+ Kg7 25. Rxc8 Rb6 26. Be3 Rb5 27. g4 h5 28. h3 hxg4 29. hxg4 Rb4 30. g5 Bd4 31. Kf2 Bxe3+ 32. Kxe3 Rg4 33. Rc5 b6 34. Rc6 Rxg5 35. f6+ Kg6 36. Rxb6 Rg3+ 37. Kd4 Ra3 38. Rb2 Kxf6 39. c4 Ke6 40. Kc5 Rc3 41. Kb5 f5 42. c5 f4 43. Kb6 Kd5 44. Rd2+ Ke4 45. c6 f3 46. c7 Ke3 47. Rb2 a4 48. Kb7 f2 49. Rb1 Ke2 1/2-1/2

[Event "BL2-Sued 2223"]
[Site "Germany"]
[Date "2023.02.04"]
[Round "5.6"]
[White "Laux, Dominik"]
[Black "Pogan, Nikolas"]
[Result "1-0"]
[WhiteElo "2273"]
[BlackElo "2260"]
[PlyCount "65"]
[EventDate "2022.10.22"]
[EventType "team-tourn"]
[EventRounds "9"]
[EventCountry "GER"]
[SourceTitle "EXT 2024"]
[Source "ChessBase"]
[SourceDate "2023.10.10"]
[SourceVersion "1"]
[SourceVersionDate "2023.10.10"]
[SourceQuality "1"]
[WhiteTeam "Hofheim"]
[BlackTeam "Heilbronn"]
[WhiteTeamCountry "GER"]
[BlackTeamCountry "GER"]

1. e4 c6 2. Nc3 d5 3. Nf3 Bg4 4. h3 Bxf3 5. Qxf3 e6 6. Be2 g6 7. d4 Bg7 8. Be3 Ne7 9. 0-0-0 Nd7 10. g4 b5 11. exd5 exd5 12. Bd3 b4 13. Ne2 Qa5 14. Kb1 0-0 15. h4 c5 16. dxc5 Nxc5 17. Bd4 Bxd4 18. Nxd4 Ne6 19. Nxe6 fxe6 20. Qe3 Qb6 21. Qg5 Rf7 22. h5 Rg7 23. hxg6 Nxg6 24. Rxh7 Rxh7 25. Bxg6 Rg7 26. Rh1 Qd8 27. Qh6 Kf8 28. Rh3 Qf6 29. Qh8+ Ke7 30. Qxa8 Qxf2 31. Qe8+ Kd6 32. Rh1 Ke5 33. Bf5 1-0

[Event "Heusenstamm Schloss op"]
[Site "Heusenstamm"]
[Date "2022.11.18"]
[Round "2"]
[White "Nickel, Ruediger"]
[Black "Laux, Dominik"]
[Result "0-1"]
[WhiteElo "2039"]
[BlackElo "2280"]
[PlyCount "68"]
[EventDate "2022.11.17"]
[EventType "swiss"]
[EventRounds "7"]
[EventCountry "GER"]
[SourceTitle "CBM 211 Extra"]
[Source "ChessBase"]
[SourceDate "2023.01.31"]
[SourceVersion "1"]
[SourceVersionDate "2023.01.31"]
[SourceQuality "1"]

1. e4 c5 2. Nf3 d6 3. d4 cxd4 4. Nxd4 Nf6 5. Nc3 Nc6 6. Bg5 e6 7. Be2 a6 8. 0-0 Bd7 9. Kh1 Be7 10. Nb3 Qc7 11. Qd3 b5 12. f4 b4 13. Nd1 0-0 14. Nf2 Rfc8 15. Qg3 a5 16. Bd3 a4 17. Nd2 Ne8 18. Nf3 Ra5 19. Rae1 Bxg5 20. fxg5 Ne7 21. Ng4 Bb5 22. Bxb5 Rxb5 23. Nd4 Rc5 24. Qf3 Ng6 25. h4 Nxh4 26. Qh3 Ng6 27. Nh6+ gxh6 28. Nxe6 fxe6 29. Qxe6+ Kh8 30. Rf7 Qd8 31. Ref1 Ng7 32. Rxg7 Kxg7 33. Qf7+ Kh8 34. Rf6 Rxg5 0-1

[Event "GER-chT Lands U20"]
[Site "Wiesbaden"]
[Date "2022.10.04"]
[Round "7.1"]
[White "Laux, Dominik"]
[Black "Gluma, Christian"]
[Result "1-0"]
[WhiteElo "2248"]
[BlackElo "2107"]
[PlyCount "53"]
[EventDate "2022.09.30"]
[EventType "team-swiss"]
[EventRounds "7"]
[EventCountry "GER"]
[SourceTitle "CBM 210 Extra"]
[Source "ChessBase"]
[SourceDate "2022.11.30"]
[SourceVersion "1"]
[SourceVersionDate "2022.11.30"]
[SourceQuality "1"]
[WhiteTeam "Hessen U20"]
[BlackTeam "Nordrhein Westfalen U20"]
[WhiteTeamCountry "GER"]
[BlackTeamCountry "GER"]

1. e4 g6 2. d4 Bg7 3. Nc3 d6 4. f4 Nd7 5. Nf3 b6 6. Bd3 Bb7 7. 0-0 e6 8. e5 Bxf3 9. Qxf3 d5 10. f5 gxf5 11. Bxf5 Qe7 12. Qg3 Bh6 13. Bd3 0-0-0 14. Bxh6 Nxh6 15. Qf4 Qf8 16. Rf3 Rg8 17. Rh3 Qg7 18. g3 Qg4 19. Qxh6 Qxd4+ 20. Kh1 Nxe5 21. Qf4 Rg4 22. Qxd4 Rxd4 23. Rxh7 Rf8 24. Rd1 Kd8 25. h3 c5 26. Kg2 c4 27. Ne2 1-0

[Event "GER-chT Lands U20"]
[Site "Wiesbaden"]
[Date "2022.10.03"]
[Round "5.4"]
[White "Laux, Dominik"]
[Black "Heinrich, John"]
[Result "1/2-1/2"]
[WhiteElo "2248"]
[BlackElo "2139"]
[PlyCount "69"]
[EventDate "2022.09.30"]
[EventType "team-swiss"]
[EventRounds "7"]
[EventCountry "GER"]
[SourceTitle "CBM 210 Extra"]
[Source "ChessBase"]
[SourceDate "2022.11.30"]
[SourceVersion "1"]
[SourceVersionDate "2022.11.30"]
[SourceQuality "1"]
[WhiteTeam "Hessen U20"]
[BlackTeam "Sachsen U20"]
[WhiteTeamCountry "GER"]
[BlackTeamCountry "GER"]

1. e4 c5 2. Nf3 d6 3. d4 cxd4 4. Nxd4 Nf6 5. Nc3 a6 6. Bd3 Nc6 7. Nxc6 bxc6 8. 0-0 g6 9. Na4 Bg7 10. Qe1 0-0 11. Bd2 Nd7 12. Ba5 Qe8 13. f4 c5 14. Kh1 Ne5 15. fxe5 Qxa4 16. exd6 exd6 17. Bc3 Be6 18. Bxg7 Kxg7 19. Qc3+ f6 20. Rad1 Qb4 21. Qxb4 cxb4 22. Be2 Rfd8 23. Rd4 a5 24. Ra1 Rac8 25. Bd3 f5 26. a3 bxa3 27. Rxa3 Rc5 28. h3 Kf6 29. Rda4 Rb8 30. b3 fxe4 31. Bxe4 Bf5 32. Bxf5 gxf5 33. c4 Re5 34. Kg1 Re3 35. Rxa5 1/2-1/2

[Event "GER-ch Rapid 48th"]
[Site "Goettingen"]
[Date "2022.09.25"]
[Round "9"]
[White "Laux, Dominik"]
[Black "Reichmann, Hendrik"]
[Result "0-1"]
[WhiteElo "2248"]
[BlackElo "2307"]
[PlyCount "98"]
[EventDate "2022.09.24"]
[EventType "swiss (rapid)"]
[EventRounds "9"]
[EventCountry "GER"]
[SourceTitle "CBM 210 Extra"]
[Source "ChessBase"]
[SourceDate "2022.11.30"]
[SourceVersion "1"]
[SourceVersionDate "2022.11.30"]
[SourceQuality "1"]

1. d4 Nf6 2. Bg5 c5 3. Bxf6 gxf6 4. d5 Qb6 5. Qc1 f5 6. c4 Qh6 7. e3 d6 8. Nc3 Nd7 9. Nge2 a6 10. Ng3 e6 11. Be2 Rg8 12. Rb1 Be7 13. b4 cxb4 14. Rxb4 Nc5 15. 0-0 e5 16. f4 e4 17. Qd2 Qg7 18. Bd1 h5 19. Nxh5 Qh6 20. Na4 Nd3 21. Rb3 Bd7 22. Nb6 Rd8 23. Rxd3 exd3 24. Qxd3 Qg6 25. Bf3 Rh8 26. Qe2 Kf8 27. Rb1 Be8 28. a4 Bh4 29. a5 Qh6 30. Rb2 Be7 31. h3 Bh4 32. g4 fxg4 33. hxg4 f5 34. Qh2 Be7 35. Ng3 fxg4 36. Bxg4 Qg7 37. Bh3 Rxh3 38. Qxh3 Qxb2 39. Nf5 Qf6 40. e4 Qg6+ 41. Kf1 Qh5 42. Qe3 Bf6 43. c5 Qh1+ 44. Kf2 Qh2+ 45. Kf1 Bb5+ 46. Ke1 Bc3+ 47. Kd1 Qb2 48. cxd6 Qb1+ 49. Qc1 Qd3+ 0-1

[Event "GER-ch Rapid 48th"]
[Site "Goettingen"]
[Date "2022.09.25"]
[Round "7"]
[White "Svane, Rasmus"]
[Black "Laux, Dominik"]
[Result "1-0"]
[WhiteElo "2615"]
[BlackElo "2248"]
[PlyCount "109"]
[EventDate "2022.09.24"]
[EventType "swiss (rapid)"]
[EventRounds "9"]
[EventCountry "GER"]
[SourceTitle "CBM 210 Extra"]
[Source "ChessBase"]
[SourceDate "2022.11.30"]
[SourceVersion "1"]
[SourceVersionDate "2022.11.30"]
[SourceQuality "1"]

1. Nf3 d5 2. g3 Nf6 3. Bg2 Bf5 4. c4 c6 5. 0-0 e6 6. Qb3 Qb6 7. d3 Nbd7 8. cxd5 exd5 9. Qc2 Be7 10. Nc3 0-0 11. e4 Bg6 12. Be3 Qa6 13. Nh4 dxe4 14. dxe4 Rfe8 15. Rad1 Bc5 16. Rfe1 Bxe3 17. Rxe3 Qc4 18. Red3 Ne5 19. Rd4 Qc5 20. h3 b5 21. Qc1 h6 22. b4 Qb6 23. Kh2 Nc4 24. f4 Rad8 25. Rxd8 Rxd8 26. e5 Rxd1 27. Qxd1 Ne3 28. Qf3 Nfd5 29. Nxd5 Nxd5 30. f5 Bh7 31. e6 Qc7 32. Qe2 Kf8 33. exf7 Qxf7 34. Qe5 Qd7 35. a3 Bg8 36. Ng6+ Kf7 37. Nh8+ Kf8 38. Ng6+ Kf7 39. Qe4 Qd6 40. Qd4 Bh7 41. Qxa7+ Kf6 42. Qd4+ Kf7 43. Ne5+ Kf8 44. g4 g6 45. fxg6 Bxg6 46. Kg1 Be8 47. Nd3 Kg8 48. Qe5 Qd7 49. Nc5 Qf7 50. Ne4 Qa7+ 51. Kh2 Bf7 52. Nd6 Qxa3 53. Nf5 Qc3 54. Nxh6+ Kf8 55. Nxf7 1-0

[Event "GER-ch Rapid 48th"]
[Site "Goettingen"]
[Date "2022.09.24"]
[Round "4"]
[White "Langrock, Hannes"]
[Black "Laux, Dominik"]
[Result "1/2-1/2"]
[WhiteElo "2358"]
[BlackElo "2248"]
[PlyCount "62"]
[EventDate "2022.09.24"]
[EventType "swiss (rapid)"]
[EventRounds "9"]
[EventCountry "GER"]
[SourceTitle "CBM 210 Extra"]
[Source "ChessBase"]
[SourceDate "2022.11.30"]
[SourceVersion "1"]
[SourceVersionDate "2022.11.30"]
[SourceQuality "1"]

1. d4 d5 2. Nf3 Nf6 3. g3 Bf5 4. Bg2 e6 5. c4 c6 6. Nc3 h6 7. Qb3 Qb6 8. c5 Qxb3 9. axb3 Be7 10. h3 0-0 11. g4 Bh7 12. b4 a6 13. Bf4 Nbd7 14. Nd2 Rfe8 15. Nb3 Bd8 16. b5 cxb5 17. Nxb5 Bc2 18. Nd2 e5 19. dxe5 Nxe5 20. 0-0 Nc6 21. Rfe1 Ba5 22. Rxa5 Nxa5 23. Nc7 Nc6 24. Nxa8 Rxa8 25. h4 Re8 26. g5 hxg5 27. hxg5 Ne4 28. Nxe4 Bxe4 29. Bh3 Nd4 30. Kf1 Ne6 31. Bxe6 fxe6 1/2-1/2

[Event "Wch U16"]
[Site "Mamaia"]
[Date "2022.09.13"]
[Round "8"]
[White "Razafindratsima, Timothe"]
[Black "Laux, Dominik"]
[Result "1/2-1/2"]
[WhiteElo "2431"]
[BlackElo "2248"]
[PlyCount "67"]
[EventDate "2022.09.06"]
[EventType "swiss"]
[EventRounds "11"]
[EventCountry "ROU"]
[SourceTitle "CBM 210 Extra"]
[Source "ChessBase"]
[SourceDate "2022.11.30"]
[SourceVersion "1"]
[SourceVersionDate "2022.11.30"]
[SourceQuality "1"]

1. e4 c5 2. Nf3 Nc6 3. d4 cxd4 4. Nxd4 Nf6 5. Nc3 d6 6. Bg5 Bd7 7. Qd2 a6 8. 0-0-0 e6 9. Kb1 Be7 10. f3 Nxd4 11. Qxd4 Qc7 12. g4 b5 13. h4 0-0 14. Ne2 Rfc8 15. Qd2 b4 16. Nc1 a5 17. Rh2 Qb8 18. Be3 a4 19. g5 Ne8 20. f4 Bc6 21. Bd3 Qb7 22. Re2 Nc7 23. f5 Nb5 24. f6 Bf8 25. Qxb4 d5 26. Bc5 Bxc5 27. Qxc5 dxe4 28. Bxb5 Bxb5 29. Qb4 Bxe2 30. Qxb7 Bxd1 31. c4 Bg4 32. b3 Rd8 33. Kb2 Bf3 34. Kc3 1/2-1/2

[Event "Vlissingen HZ op 24th"]
[Site "Vlissingen"]
[Date "2022.08.12"]
[Round "8"]
[White "Laux, Dominik"]
[Black "Manshanden, Nick"]
[Result "1-0"]
[WhiteElo "2245"]
[BlackElo "2065"]
[PlyCount "67"]
[EventDate "2022.08.06"]
[EventType "swiss"]
[EventRounds "9"]
[EventCountry "NED"]
[SourceTitle "CBM 209 Extra"]
[Source "ChessBase"]
[SourceDate "2022.09.30"]
[SourceVersion "1"]
[SourceVersionDate "2022.09.30"]
[SourceQuality "1"]

1. e4 e5 2. Nf3 Nc6 3. Bc4 Bc5 4. c3 Nf6 5. d3 0-0 6. 0-0 d5 7. exd5 Nxd5 8. Re1 Bg4 9. h3 Bh5 10. b4 Ndxb4 11. g4 e4 12. cxb4 Bxf2+ 13. Kxf2 exf3 14. Qxf3 Qd4+ 15. Be3 Qxa1 16. Nd2 Qc3 17. Ne4 Qa3 18. gxh5 Ne5 19. Nf6+ Kh8 20. Qf5 Qb2+ 21. Re2 Nxd3+ 22. Bxd3 Qxf6 23. Qxf6 gxf6 24. Bd4 Kg7 25. Kf3 Rad8 26. Rg2+ Kh6 27. Be3+ Kxh5 28. Be2 Rg8 29. Kf4+ Kh4 30. Bg4 Rxg4+ 31. hxg4 Kh3 32. Rd2 Rg8 33. Kf3 f5 34. g5 1-0

[Event "Bydgoszcz op-A"]
[Site "Bydgoszcz"]
[Date "2022.07.04"]
[Round "10"]
[White "Rudzinska, Michalina"]
[Black "Laux, Dominik"]
[Result "1-0"]
[WhiteElo "2315"]
[BlackElo "2263"]
[PlyCount "83"]
[EventDate "2022.06.25"]
[EventType "swiss"]
[EventRounds "10"]
[EventCountry "POL"]
[SourceTitle "CBM 209 Extra"]
[Source "ChessBase"]
[SourceDate "2022.09.30"]
[SourceVersion "1"]
[SourceVersionDate "2022.09.30"]
[SourceQuality "1"]

1. e4 c6 2. Nf3 d5 3. Nc3 Bg4 4. h3 Bxf3 5. Qxf3 e6 6. Be2 Be7 7. 0-0 d4 8. Nb1 Nf6 9. d3 0-0 10. Qg3 Kh8 11. Nd2 c5 12. f4 Qc7 13. Nf3 Nc6 14. Qf2 Nd7 15. c3 Rad8 16. Bd2 f5 17. e5 b5 18. cxd4 cxd4 19. Rfc1 Qb6 20. Rc2 Ndb8 21. Rac1 a5 22. h4 Rc8 23. Ng5 Bxg5 24. hxg5 Ne7 25. Rxc8 Rxc8 26. Rxc8+ Nxc8 27. Bf3 Ne7 28. Qe1 Nbc6 29. Qc1 Kg8 30. Kf2 Nb4 31. Bxb4 axb4 32. g4 fxg4 33. Bxg4 Kf7 34. Kg3 Nf5+ 35. Bxf5 exf5 36. Qc8 Qe6 37. Qb7+ Kg6 38. Qxb5 Qxa2 39. Qe8+ Qf7 40. Qc6+ Kh5 41. Qf3+ Kg6 42. Kh4 1-0

[Event "Bydgoszcz op-A"]
[Site "Bydgoszcz"]
[Date "2022.07.02"]
[Round "8"]
[White "Kacprzak, Karol1111"]
[Black "Laux, Dominik"]
[Result "1/2-1/2"]
[WhiteElo "2200"]
[BlackElo "2263"]
[PlyCount "78"]
[EventDate "2022.06.25"]
[EventType "swiss"]
[EventRounds "10"]
[EventCountry "POL"]
[SourceTitle "CBM 209 Extra"]
[Source "ChessBase"]
[SourceDate "2022.09.30"]
[SourceVersion "1"]
[SourceVersionDate "2022.09.30"]
[SourceQuality "1"]

1. d4 d5 2. c4 c6 3. Nc3 Nf6 4. Nf3 e6 5. e3 Nbd7 6. Bd3 dxc4 7. Bxc4 b5 8. Bd3 Bd6 9. e4 e5 10. dxe5 Nxe5 11. Nxe5 Bxe5 12. h3 0-0 13. 0-0 Be6 14. Be3 Qe7 15. Qc2 Rfd8 16. Rfd1 Qb4 17. Rac1 Bc4 18. Bxc4 Qxc4 19. Rxd8+ Rxd8 20. b3 Qb4 21. f3 Bd4 22. Bxd4 Qxd4+ 23. Qf2 Qxf2+ 24. Kxf2 Kf8 25. Ke3 Ke7 26. Ne2 Kd7 27. Nd4 Rc8 28. g4 Ne8 29. e5 a6 30. Rd1 Kc7 31. f4 c5 32. Nf3 h6 33. Nd2 Rd8 34. Rc1 Kb6 35. Ne4 Rd5 36. Nc3 Rd4 37. Ne4 Rd5 38. Nc3 Rd4 39. Ne4 Rd5 1/2-1/2

[Event "Bydgoszcz op-A"]
[Site "Bydgoszcz"]
[Date "2022.06.26"]
[Round "2"]
[White "Navaratnam, Rohan Shan Tze"]
[Black "Laux, Dominik"]
[Result "1-0"]
[WhiteElo "2071"]
[BlackElo "2263"]
[PlyCount "113"]
[EventDate "2022.06.25"]
[EventType "swiss"]
[EventRounds "10"]
[EventCountry "POL"]
[SourceTitle "CBM 209 Extra"]
[Source "ChessBase"]
[SourceDate "2022.09.30"]
[SourceVersion "1"]
[SourceVersionDate "2022.09.30"]
[SourceQuality "1"]

1. d4 d5 2. c4 c6 3. Nf3 Nf6 4. e3 Bf5 5. Bd3 Bg6 6. 0-0 e6 7. Qc2 Bd6 8. Nbd2 Nbd7 9. e4 dxe4 10. Nxe4 Nxe4 11. Bxe4 Bxe4 12. Qxe4 0-0 13. Bg5 Be7 14. Bf4 Qa5 15. a3 Nf6 16. Qe2 Rfd8 17. Rfd1 Qf5 18. Be5 Ng4 19. h3 Nxe5 20. dxe5 a5 21. a4 Bc5 22. b3 h6 23. h4 Qf4 24. Rd3 Rxd3 25. Qxd3 Bb6 26. Qd7 Rb8 27. Qe7 Qf5 28. c5 Bd8 29. Qd6 Ra8 30. Qd7 Rb8 31. Rd1 Qf4 32. Qe8+ Kh7 33. Rxd8 Qc1+ 34. Kh2 Qf4+ 35. Kh1 Qc1+ 36. Ng1 Rxd8 37. Qxd8 Qxc5 38. Qd3+ Kg8 39. Qe3 Qb4 40. Nf3 b5 41. axb5 cxb5 42. Kh2 a4 43. bxa4 bxa4 44. Qd4 Qb3 45. Nd2 Qc2 46. Nc4 Qb3 47. Na5 Qc2 48. Qb4 Qxf2 49. Qxa4 Qf5 50. Qd4 g6 51. Nc4 Kg7 52. Nd6 Qf1 53. Ne8+ Kf8 54. Nf6 Kg7 55. h5 g5 56. Qe4 Kf8 57. Qa8+ 1-0

[Event "Bydgoszcz op-A"]
[Site "Bydgoszcz"]
[Date "2022.06.25"]
[Round "1"]
[White "Laux, Dominik"]
[Black "Paprocki, Antoni"]
[Result "0-1"]
[WhiteElo "2263"]
[BlackElo "1949"]
[PlyCount "102"]
[EventDate "2022.06.25"]
[EventType "swiss"]
[EventRounds "10"]
[EventCountry "POL"]
[SourceTitle "CBM 209 Extra"]
[Source "ChessBase"]
[SourceDate "2022.09.30"]
[SourceVersion "1"]
[SourceVersionDate "2022.09.30"]
[SourceQuality "1"]

1. e4 c5 2. Nf3 d6 3. d4 cxd4 4. Nxd4 Nf6 5. Nc3 a6 6. Be3 e5 7. Nb3 Be6 8. f3 h5 9. Qd2 Nbd7 10. Nd5 Bxd5 11. exd5 g6 12. 0-0-0 Bg7 13. Kb1 0-0 14. Rg1 Rc8 15. Rc1 b5 16. Na5 Nxd5 17. Nb7 Qc7 18. Qxd5 Nf6 19. Qxd6 Qxb7 20. c4 Rc6 21. Qb4 Rfc8 22. Be2 Bf8 23. Qb3 b4 24. Rgd1 a5 25. Qa4 Bc5 26. Bxc5 Rxc5 27. Rd6 Kg7 28. Rcd1 Qe7 29. Qb3 Ne8 30. Rd7 Qg5 31. g3 Nc7 32. R1d6 Nb5 33. Rd5 Nd4 34. f4 Qf5+ 35. Bd3 Qxd7 36. Rxd7 Nxb3 37. axb3 exf4 38. gxf4 Re8 39. Kc2 Re3 40. Kd2 Rh3 41. Be4 Rxh2+ 42. Kd3 Rxb2 43. Bd5 Rxb3+ 44. Kd4 Rc8 45. Rxf7+ Kh6 46. Ra7 h4 47. Rxa5 h3 48. Ra2 Kh5 49. c5 Rc3 50. c6 R3xc6 51. Bxc6 Rxc6 0-1

[Event "GER-ch U16"]
[Site "Willingen"]
[Date "2022.06.05"]
[Round "1"]
[White "Spriestersbach, Kai"]
[Black "Laux, Dominik"]
[Result "0-1"]
[WhiteElo "1948"]
[BlackElo "2263"]
[PlyCount "62"]
[EventDate "2022.06.04"]
[EventType "swiss"]
[EventRounds "9"]
[EventCountry "GER"]
[SourceTitle "CBM 208 Extra"]
[Source "ChessBase"]
[SourceDate "2022.07.31"]
[SourceVersion "1"]
[SourceVersionDate "2022.07.31"]
[SourceQuality "1"]

1. e4 c5 2. Nf3 d6 3. d4 cxd4 4. Nxd4 Nf6 5. Nc3 a6 6. h3 e5 7. Nb3 Be7 8. Be3 h6 9. Qf3 b5 10. 0-0-0 Nbd7 11. g4 Bb7 12. Kb1 Rc8 13. Nd5 Nxd5 14. exd5 Nf6 15. Bg2 e4 16. Qg3 Bxd5 17. h4 Be6 18. Nd4 Bxg4 19. f3 exf3 20. Bxf3 Qd7 21. Rhg1 h5 22. Bg5 0-0 23. Qf4 Rc4 24. b3 Rc5 25. Bxf6 Bxf6 26. Bxg4 hxg4 27. Rxg4 Re8 28. Nf3 Rf5 29. Qg3 Re3 30. Rxd6 Rfxf3 31. Qxf3 Re1+ 0-1

[Event "Wch U16 blitz"]
[Site "Rhodes"]
[Date "2022.05.03"]
[Round "8"]
[White "Chyzy, Jakub"]
[Black "Laux, Dominik"]
[Result "0-1"]
[WhiteElo "2002"]
[BlackElo "2231"]
[PlyCount "66"]
[EventDate "2022.05.03"]
[EventType "swiss (blitz)"]
[EventRounds "9"]
[EventCountry "GRE"]
[SourceTitle "CBM 208 Extra"]
[Source "ChessBase"]
[SourceDate "2022.07.31"]
[SourceVersion "1"]
[SourceVersionDate "2022.07.31"]
[SourceQuality "1"]

1. e4 c5 2. Nc3 Nc6 3. Bb5 g6 4. Bxc6 bxc6 5. d3 Bg7 6. f4 d6 7. Nf3 e6 8. 0-0 Ne7 9. Be3 0-0 10. e5 Nd5 11. Qd2 Rb8 12. Rab1 Nxe3 13. Qxe3 Ba6 14. Ne4 dxe5 15. fxe5 c4 16. Nc5 Qb6 17. d4 c3 18. Nd7 Qc7 19. Nxb8 Bxf1 20. Kxf1 Rxb8 21. Qxc3 Qb6 22. Qc4 Bf8 23. b4 a5 24. a3 axb4 25. axb4 c5 26. b5 cxd4 27. Nxd4 Rd8 28. Nc6 Rd2 29. Qf4 Rxc2 30. Qf3 Rc5 31. Rd1 Qxb5+ 32. Qe2 Qxe2+ 33. Kxe2 Rxc6 0-1

[Event "Wch U16 blitz"]
[Site "Rhodes"]
[Date "2022.05.03"]
[Round "9"]
[White "Trushko, Andrii"]
[Black "Laux, Dominik"]
[Result "1-0"]
[WhiteElo "2222"]
[BlackElo "2231"]
[PlyCount "57"]
[EventDate "2022.05.03"]
[EventType "swiss (blitz)"]
[EventRounds "9"]
[EventCountry "GRE"]
[SourceTitle "CBM 208 Extra"]
[Source "ChessBase"]
[SourceDate "2022.07.31"]
[SourceVersion "1"]
[SourceVersionDate "2022.07.31"]
[SourceQuality "1"]

1. d4 d5 2. Bf4 Nf6 3. e3 c5 4. c3 Nc6 5. Nd2 Bf5 6. Qb3 Qc8 7. Bb5 e6 8. Ngf3 a6 9. Bxc6+ bxc6 10. Qa4 Nd7 11. 0-0 Be7 12. Rac1 0-0 13. Rfe1 Qb7 14. Qb3 Qa7 15. c4 Bg6 16. Qa4 Rfc8 17. Ne5 Nxe5 18. Bxe5 Qb7 19. Nb3 cxd4 20. exd4 Qb4 21. Qxb4 Bxb4 22. Red1 a5 23. Nc5 a4 24. Nd7 Ba5 25. cxd5 cxd5 26. Nc5 Bb6 27. b4 axb3 28. axb3 Kf8 29. Nd7+ 1-0

[Event "Wch U16 rapid"]
[Site "Rhodes"]
[Date "2022.05.01"]
[Round "1"]
[White "Laux, Dominik"]
[Black "Borrmann, Laurenz"]
[Result "1-0"]
[WhiteElo "2232"]
[BlackElo "1847"]
[PlyCount "56"]
[EventDate "2022.05.01"]
[EventType "swiss (rapid)"]
[EventRounds "9"]
[EventCountry "GRE"]
[SourceTitle "CBM 208 Extra"]
[Source "ChessBase"]
[SourceDate "2022.07.31"]
[SourceVersion "1"]
[SourceVersionDate "2022.07.31"]
[SourceQuality "1"]

1. d4 Nf6 2. Bg5 Ne4 3. Bf4 d5 4. e3 Nc6 5. Nf3 Bf5 6. Be2 f6 7. h4 Qd7 8. c4 0-0-0 9. 0-0 dxc4 10. Nc3 Nxc3 11. bxc3 Na5 12. Re1 e6 13. Bf1 Bg4 14. Rb1 Bd6 15. Bxd6 cxd6 16. e4 d5 17. Rb2 h6 18. Qb1 Bxf3 19. gxf3 Kb8 20. Bh3 f5 21. Rb5 Nc6 22. exf5 exf5 23. Bxf5 Qc7 24. Be6 Ne7 25. Re5 a6 26. Rb6 Rhf8 27. Re3 Rd6 28. Rxd6 Qxd6 1-0